000 01634 a2200241 4500
001 26024
005 20260407155542.0
008 260407a1995 arg spa d
003 AR-UNSa-BCEJYS
040 _aAR-UNSa-BCEJYS
_bspa
_cAR-UNSa-BCEJYS
080 _a330.101.542
_xMicroeconomía
245 1 0 _aCurso de teoría microeconómica
020 _a978-84-481-1767-2
264 1 _aMadrid :
_bMcGraw-Hill
_c1995
300 _axiv, 752 p.
_c23 cm.
505 _a1. Visión panorámica - Parte I : Elección individual y social : 2. Teoría de la elección del consumidor y demanda - 3. Elección bajo incertidumbre - Parte II : El mecanismo de los precios : 6. Intercambio puro y equilibrio general - 7. La empresa neoclásica - 8. La empresa competitiva y la competencia perfecta - 9. Monopolio - 10. Competencia imperfecta - Parte III : Teoría de juegos no cooperativas : 11. Modelizando situaciones competitivas - 12. Conceptos de solución para juegos no cooperativos - 13. Información incompleta e irracional - 14. Juego repetido : cooperación y reputación - 15. Negociación bilateral - Parte IV : Temas de economía de la información : 16. Riesgo moral e incentivos - 17. Selección adversa y transmisión de señales en el mercado - 18. El principio de revelación y el diseño de mecanismos - Parte V : Empresas y transacciones : 19. Teorías de la empresa - 20. La economía de los costes de transacción y la empresa.
942 _cBK
590 _aniveau_biblio:m niveau_hierar:0
100 1 _aKreps, David M.
700 1 _aBerenguer, Eduard
700 1 _aGutiérrez, José Manuel
700 1 _aPita, Cristaina
999 _c1429
_d1429